[Event "DM G7 grp2 2024"]
[Site "Svendborg"]
[Date "2024.03.26"]
[Round "1"]
[White "Pedersen, Kim"]
[Black "Petersen, Frank Gjerning"]
[Result "1-0"]
[WhiteElo "1835"]
[BlackElo "1844"]
[PlyCount "93"]
[WhiteFideId "1452525"]
[BlackFideId "1427032"]
[EventDate "2024.03.26"]
[EventType "swiss"]
[EventRounds "7"]
[EventCountry "DEN"]
[SourceTitle "Live v. Kasper Jerwiarz"]

1. d4 d5 2. c4 e6 3. Nc3 f5 4. Nf3 c6 5. cxd5 exd5 
6. Bg5 Nf6 7. e3 Be7 8. Be2 O-O 9. O-O Be6 10. a3 Nbd7 
11. b4 a6 12. Qb3 Ne4 13. Bxe7 Qxe7 14. Rad1 Kh8 15. a4 Rac8 
16. Qb2 g5 17. Ne5 Qg7 18. Nxd7 Bxd7 19. f3 Nd6 20. b5 axb5 
21. axb5 Rce8 22. bxc6 Bxc6 23. Qd2 Rf6 24. Rde1 Rfe6 25. Bd3 Qe7 
26. e4 fxe4 27. fxe4 Nxe4 28. Bxe4 dxe4 29. d5 Rd8 30. Qd4+ Kg8 
31. Qc4 b5 32. Qb3 Qc5+ 33. Kh1 Bxd5 34. Nxd5 Qxd5 35. Qb4 e3 
36. h3 e2 37. Rf2 Re4 38. Qc3 Qe6 39. Qc5 Qd5 40. Qc7 Ree8 
41. Qc2 Qc4 42. Qf5 h6 43. Qg6+ Kh8 44. Rf7 Qxf7 45. Qxf7 Rf8 
46. Qg6 Rf1+ 47. Kh2 1-0

[Event "DM G7 grp2 2024"]
[Site "Svendborg"]
[Date "2024.03.26"]
[Round "1"]
[White "Li, Anna Sofie"]
[Black "Graabaek, Sebastian"]
[Result "0-1"]
[WhiteElo "1774"]
[BlackElo "1789"]
[PlyCount "60"]
[WhiteFideId "1472119"]
[BlackFideId "1436627"]
[EventDate "2024.03.26"]
[EventType "swiss"]
[EventRounds "7"]
[EventCountry "DEN"]
[SourceTitle "Live v. Kasper Jerwiarz"]

1. e4 c5 2. Nf3 Nc6 3. d4 cxd4 4. Nxd4 g6 5. Nc3 Bg7 
6. Be3 d6 7. Bc4 Nf6 8. f3 O-O 9. Qd2 Bd7 10. O-O-O Rc8 
11. Bb3 Ne5 12. g4 b5 13. a3 a5 14. h4 h5 15. gxh5 Nxh5 
16. Rdg1 b4 17. axb4 axb4 18. Na2 Nc4 19. Bxc4 Rxc4 20. b3 Rc8 
21. Qxb4 Qc7 22. Rh2 Qa7 23. Nc3 Rb8 24. Qc4 Rfc8 25. Qd3 Nf4 
26. Qd2 Qa3+ 27. Kd1 Qa1+ 28. Qc1 Qxc1+ 29. Kxc1 Rxc3 30. Kd2 Rbc8 
0-1

[Event "DM G7 grp2 2024"]
[Site "Svendborg"]
[Date "2024.03.27"]
[Round "2"]
[White "Bruntse, Caroline Lindegaard"]
[Black "Sejersen, Christian"]
[Result "1/2-1/2"]
[WhiteElo "1746"]
[BlackElo "1854"]
[PlyCount "94"]
[WhiteFideId "1472275"]
[BlackFideId "1441060"]
[EventDate "2024.03.26"]
[EventType "swiss"]
[EventRounds "7"]
[EventCountry "DEN"]
[SourceTitle "Live v. Kasper Jerwiarz"]

1. d4 d5 2. c4 c6 3. Nc3 Nf6 4. cxd5 cxd5 5. Bf4 Nc6 
6. e3 a6 7. Nf3 Bg4 8. Be2 e6 9. O-O Bd6 10. Bxd6 Qxd6 
11. a3 O-O 12. Rc1 Rac8 13. h3 Bh5 14. Na4 Qe7 15. Nc5 Ne4 
16. b4 Rfd8 17. Nd2 Bxe2 18. Qxe2 Nxc5 19. bxc5 e5 20. Qd3 Qf6 
21. Nb3 Rc7 22. Rfd1 Re7 23. Rc2 Rde8 24. Rcd2 e4 25. Qe2 Qh6 
26. Rb2 f5 27. Qe1 g5 28. Na5 Nxa5 29. Qxa5 f4 30. Rb6 Qh5 
31. Rdb1 fxe3 32. fxe3 Qe2 33. Qe1 Qxe1+ 34. Rxe1 Rd8 35. Reb1 Rdd7 
36. a4 Rf7 37. a5 Kg7 38. c6 bxc6 39. Rxc6 Rb7 40. Rcb6 Rbc7 
41. Rf1 Rxf1+ 42. Kxf1 Rc1+ 43. Kf2 Rc2+ 44. Kg1 Rc1+ 45. Kf2 Rc2+ 
46. Kf1 Rc1+ 47. Kf2 Rc2+ 1/2-1/2

[Event "DM G7 grp2 2024"]
[Site "Svendborg"]
[Date "2024.03.27"]
[Round "2"]
[White "Graabaek, Sebastian"]
[Black "Pedersen, Kim"]
[Result "0-1"]
[WhiteElo "1789"]
[BlackElo "1835"]
[PlyCount "44"]
[WhiteFideId "1436627"]
[BlackFideId "1452525"]
[EventDate "2024.03.26"]
[EventType "swiss"]
[EventRounds "7"]
[EventCountry "DEN"]
[SourceTitle "Live v. Kasper Jerwiarz"]

1. e4 d6 2. d4 Nf6 3. Nc3 Nbd7 4. Nf3 e5 5. a4 Be7 
6. Bc4 h6 7. O-O c6 8. a5 Qc7 9. Ba2 Nf8 10. Nh4 g5 
11. Nf5 Bxf5 12. exf5 N8d7 13. Be3 d5 14. dxe5 Qxe5 15. Qf3 d4 
16. Bxd4 Qxd4 17. Rad1 Qb4 18. Rfe1 O-O 19. Qh3 Kg7 20. Re2 Bc5 
21. Ne4 Nxe4 22. Rxd7 Qxb2 0-1

[Event "DM G7 grp2 2024"]
[Site "Svendborg"]
[Date "2024.03.27"]
[Round "2"]
[White "Ramsdal, Lasse Andreas"]
[Black "Jorgensen, Peter"]
[Result "1-0"]
[WhiteElo "1816"]
[BlackElo "1728"]
[PlyCount "129"]
[WhiteFideId "1440675"]
[BlackFideId "1482556"]
[EventDate "2024.03.26"]
[EventType "swiss"]
[EventRounds "7"]
[EventCountry "DEN"]
[SourceTitle "Live v. Kasper Jerwiarz"]

1. d4 f5 2. c4 Nf6 3. Nc3 g6 4. Nf3 Bg7 5. Bg5 O-O 
6. e3 d6 7. Be2 Qe8 8. Qb3 e5 9. O-O-O exd4 10. Nxd4 Kh8 
11. Bxf6 Rxf6 12. Ndb5 Na6 13. Bf3 Nc5 14. Qc2 Rf7 15. Nd4 Be6 
16. Nce2 Bd7 17. h4 Ne4 18. Nf4 Rf8 19. Nd5 Rc8 20. h5 g5 
21. h6 Bxd4 22. Rxd4 Nc5 23. b3 Ne6 24. Rdd1 Nc5 25. Bh5 Qe6 
26. Be2 c6 27. Nc3 Qf6 28. Qb2 Be8 29. Rxd6 Qe5 30. Rdd1 Bg6 
31. b4 Ne4 32. Nxe4 Qxb2+ 33. Kxb2 fxe4 34. f3 Rcd8 35. Kc3 Kg8 
36. c5 Kf7 37. Rhf1 Ke7 38. Rxd8 Rxd8 39. Rd1 Rxd1 40. Bxd1 Ke6 
41. Kd4 exf3 42. gxf3 Bh5 43. Bc2 Bxf3 44. Bxh7 g4 45. e4 g3 
46. Ke3 g2 47. Kf2 Kf6 48. Bf5 g1=Q+ 49. Kxg1 Bh5 50. h7 Kg7 
51. Kf2 b6 52. Ke3 Be8 53. Kd4 Bf7 54. a3 Bb3 55. Ke5 bxc5 
56. bxc5 Bf7 57. Kd6 Be8 58. e5 a5 59. Kc7 a4 60. Kd6 Kh8 
61. Ke7 Bh5 62. e6 Be2 63. Kd8 Bc4 64. e7 Bf7 65. e8=Q+ 1-0

[Event "DM G7 grp2 2024"]
[Site "Svendborg"]
[Date "2024.03.28"]
[Round "3"]
[White "Pedersen, Kim"]
[Black "Ramsdal, Lasse Andreas"]
[Result "0-1"]
[WhiteElo "1835"]
[BlackElo "1816"]
[PlyCount "100"]
[WhiteFideId "1452525"]
[BlackFideId "1440675"]
[EventDate "2024.03.26"]
[EventType "swiss"]
[EventRounds "7"]
[EventCountry "DEN"]
[SourceTitle "Live v. Kasper Jerwiarz"]

1. d4 d5 2. c4 c6 3. cxd5 cxd5 4. Nf3 Nf6 5. Nc3 a6 
6. Bf4 Nc6 7. e3 Bg4 8. Be2 e6 9. O-O Bd6 10. Bxd6 Qxd6 
11. a3 O-O 12. Rc1 b5 13. b4 Rfc8 14. h3 Bxf3 15. Bxf3 Rc7 
16. e4 dxe4 17. Nxe4 Nxe4 18. Bxe4 Rac8 19. d5 exd5 20. Qxd5 Qxd5 
21. Bxd5 Ne7 22. Rxc7 Rxc7 23. Re1 Kf8 24. Bf3 Nf5 25. Ra1 Nd4 
26. Bd1 Rc4 27. f3 Ke7 28. Kf2 Kd6 29. g4 Ke5 30. Kg3 g5 
31. h4 h6 32. h5 f5 33. Ra2 f4+ 34. Kf2 Kd5 35. Ra1 Nc2 
36. Bxc2 Rxc2+ 37. Ke1 Kd4 38. a4 Rh2 39. Ra3 Kc4 40. axb5 axb5 
41. Ra6 Kxb4 42. Rxh6 Kb3 43. Rg6 b4 44. Rc6 Ka2 45. Ra6+ Kb2 
46. Ra5 b3 47. Rxg5 Kc2 48. Rc5+ Kd3 49. Rb5 b2 50. h6 Rxh6 
0-1

[Event "DM G7 grp2 2024"]
[Site "Svendborg"]
[Date "2024.03.28"]
[Round "3"]
[White "Sejersen, Christian"]
[Black "Hansen, Joshua Kehlet"]
[Result "1-0"]
[WhiteElo "1854"]
[BlackElo "1776"]
[PlyCount "93"]
[WhiteFideId "1441060"]
[BlackFideId "1444859"]
[EventDate "2024.03.26"]
[EventType "swiss"]
[EventRounds "7"]
[EventCountry "DEN"]
[SourceTitle "Live v. Kasper Jerwiarz"]

1. Nf3 Nf6 2. g3 b6 3. Bg2 Bb7 4. d3 e6 5. O-O Be7 
6. e4 O-O 7. Nbd2 d5 8. exd5 Nxd5 9. Ne4 Nd7 10. Qe2 N7f6 
11. a3 Qe8 12. h4 Rd8 13. c4 Nxe4 14. dxe4 Nf6 15. e5 Nd7 
16. h5 Nc5 17. Be3 Qa4 18. h6 g6 19. b4 Nd7 20. Rfd1 Bxf3 
21. Bxf3 Nxe5 22. Bg2 Rxd1+ 23. Rxd1 Nxc4 24. Bf4 Nd6 25. Rc1 Qd7 
26. Bh3 f5 27. g4 Rf7 28. gxf5 exf5 29. Bg2 Qb5 30. Qxb5 Nxb5 
31. Bd5 g5 32. Bxf7+ Kxf7 33. Bxc7 Nxa3 34. Be5 Bxb4 35. Rc6 Bc5 
36. Rf6+ Ke7 37. Rxf5 g4 38. Rg5 Ke6 39. Ba1 Nc2 40. Bb2 Nb4 
41. Rg7 Nd3 42. Ba1 g3 43. Kf1 Bxf2 44. Rxh7 Nf4 45. Rg7 Bc5 
46. Rxg3 Nh5 47. Rg8 1-0

[Event "DM G7 grp2 2024"]
[Site "Svendborg"]
[Date "2024.03.28"]
[Round "3"]
[White "Peitersen, Andreas"]
[Black "Bruntse, Caroline Lindegaard"]
[Result "1-0"]
[WhiteElo "1815"]
[BlackElo "1746"]
[PlyCount "195"]
[WhiteFideId "1479814"]
[BlackFideId "1472275"]
[EventDate "2024.03.26"]
[EventType "swiss"]
[EventRounds "7"]
[EventCountry "DEN"]
[SourceTitle "Live v. Kasper Jerwiarz"]

1. Nf3 d5 2. c4 e6 3. cxd5 exd5 4. g3 Nf6 5. Bg2 c6 
6. b3 Bd6 7. Bb2 O-O 8. O-O h6 9. Qc2 Re8 10. Re1 Nbd7 
11. d3 Ne5 12. Nbd2 Qb6 13. h3 Bd7 14. Rac1 Re7 15. Bd4 Qc7 
16. Qb2 Rae8 17. b4 b6 18. Nxe5 Bxe5 19. Bxe5 Qxe5 20. Qxe5 Rxe5 
21. Kf1 Ra8 22. Nf3 Ree8 23. Rc2 a5 24. a3 axb4 25. axb4 Ra4 
26. Rb1 Rea8 27. Ke1 Ra1 28. Rxa1 Rxa1+ 29. Kd2 Rb1 30. Kc3 Ra1 
31. Kb2 Ra8 32. Ne5 Re8 33. d4 Re6 34. h4 Rd6 35. e3 Kf8 
36. f3 Ke7 37. b5 cxb5 38. Rc7 Ne8 39. Rb7 f6 40. Nxd7 Rxd7 
41. Rxb6 Nd6 42. Bf1 Nc4+ 43. Bxc4 bxc4 44. Kc3 Ra7 45. Kb2 Rd7 
46. g4 g5 47. h5 Kf7 48. Kc2 Ke7 49. f4 Rd6 50. Rb8 Rd8 
51. Rb1 gxf4 52. exf4 Rg8 53. Rg1 Kd6 54. Kd2 Ke7 55. Ke3 Kf7 
56. Kf3 Ke7 57. Ra1 Rc8 58. Ke2 Rg8 59. Ra7+ Ke8 60. Kf3 f5 
61. gxf5 Rf8 62. Ra6 Rxf5 63. Kg4 Rf7 64. Rxh6 Rg7+ 65. Kf3 Re7 
66. Rh8+ Kd7 67. Ra8 Re6 68. Ra7+ Ke8 69. f5 Rc6 70. Kg4 c3 
71. Ra1 c2 72. Rc1 Kf7 73. Kg5 Kg7 74. h6+ Kh7 75. f6 Kg8 
76. Kg6 Rc3 77. h7+ Kh8 78. f7 Rg3+ 79. Kf6 Rf3+ 80. Ke6 Kxh7 
81. Rxc2 Re3+ 82. Kf6 Rf3+ 83. Ke7 Re3+ 84. Kf8 Rh3 85. Re2 Rb3 
86. Rh2+ Kg6 87. Kg8 Rb8+ 88. f8=Q Rxf8+ 89. Kxf8 Kf5 90. Re2 Kf4 
91. Kf7 Kf3 92. Re5 Kf4 93. Kf6 Kf3 94. Kf5 Kf2 95. Kf4 Kg2 
96. Re2+ Kh3 97. Rf2 Kh4 98. Rh2# 1-0

[Event "DM G7 grp2 2024"]
[Site "Svendborg"]
[Date "2024.03.29"]
[Round "4"]
[White "Ramsdal, Lasse Andreas"]
[Black "Sejersen, Christian"]
[Result "0-1"]
[WhiteElo "1816"]
[BlackElo "1854"]
[PlyCount "74"]
[WhiteFideId "1440675"]
[BlackFideId "1441060"]
[EventDate "2024.03.26"]
[EventType "swiss"]
[EventRounds "7"]
[EventCountry "DEN"]
[SourceTitle "Live v. Kasper Jerwiarz"]

1. d4 Nf6 2. c4 g6 3. Nc3 Bg7 4. e4 d6 5. h3 O-O 
6. Be3 e5 7. d5 Na6 8. g4 Nc5 9. f3 a5 10. Nge2 c6 
11. Qd2 a4 12. Ng3 h5 13. Bg5 h4 14. Nge2 Qa5 15. Rb1 cxd5 
16. cxd5 b5 17. Nc1 b4 18. Nb5 Nfxe4 19. fxe4 Nxe4 20. Qe3 Ng3 
21. Bd3 e4 22. Bxh4 exd3 23. Bxg3 Qxb5 24. Qxd3 Re8+ 25. Kf2 Qb6+ 
26. Kf3 Bb7 27. Bf2 Qd8 28. Rd1 Ra5 29. Qc4 Qg5 30. h4 Bxd5+ 
31. Kg3 Qe5+ 32. Qf4 Qxf4+ 33. Kxf4 Be5+ 34. Ke3 Bg3+ 35. Kd2 Bxf2 
36. Nd3 Be3+ 37. Ke2 Bxa2 0-1

[Event "DM G7 grp2 2024"]
[Site "Svendborg"]
[Date "2024.03.29"]
[Round "4"]
[White "Ulmer, Maya Vissing"]
[Black "Peitersen, Andreas"]
[Result "1-0"]
[WhiteElo "1717"]
[BlackElo "1815"]
[PlyCount "72"]
[WhiteFideId "1479997"]
[BlackFideId "1479814"]
[EventDate "2024.03.26"]
[EventType "swiss"]
[EventRounds "7"]
[EventCountry "DEN"]
[SourceTitle "Live v. Kasper Jerwiarz"]

1. d4 Nf6 2. c4 e6 3. Nf3 d5 4. g3 b6 5. Bg2 Bb7 
6. Nc3 Nbd7 7. cxd5 exd5 8. O-O Be7 9. Bd2 O-O 10. Rc1 a6 
11. e3 h6 12. Re1 Bd6 13. Qb3 c5 14. dxc5 Nxc5 15. Qc2 Rc8 
16. Qb1 b5 17. Nd4 Re8 18. Red1 b4 19. Nce2 Nce4 20. Bxe4 Nxe4 
21. Be1 Qf6 22. Qd3 Be5 23. Qb3 a5 24. Qa4 Qb6 25. Qb3 Nc5 
26. Qc2 a4 27. Qd2 b3 28. a3 Ne4 29. Qb4 Qxb4 30. Bxb4 Ba6 
31. Nc3 Nxc3 32. Rxc3 g6 33. Rdc1 Bc4 34. Rd1 Kg7 35. Rcc1 Bb8 
36. Bc3 f6 1-0

[Event "DM G7 grp2 2024"]
[Site "Svendborg"]
[Date "2024.03.29"]
[Round "4"]
[White "Pedersen, Kim"]
[Black "Vergara, Adam"]
[Result "1/2-1/2"]
[WhiteElo "1835"]
[BlackElo "1711"]
[PlyCount "95"]
[WhiteFideId "1452525"]
[BlackFideId ""]
[EventDate "2024.03.26"]
[EventType "swiss"]
[EventRounds "7"]
[EventCountry "DEN"]
[SourceTitle "Live v. Kasper Jerwiarz"]

1. d4 Nf6 2. c4 e6 3. Nf3 b6 4. Bg5 Bb7 5. e3 h6 
6. Bxf6 Qxf6 7. Be2 c5 8. Nc3 cxd4 9. exd4 Bb4 10. O-O O-O 
11. Rc1 Rd8 12. Nb5 Na6 13. a3 Bf8 14. b4 d5 15. c5 bxc5 
16. bxc5 Bc6 17. a4 Nb4 18. Qb3 a5 19. Ne5 Rdb8 20. Qg3 Qg5 
21. Qxg5 hxg5 22. f4 Be7 23. Rc3 gxf4 24. Rxf4 Bf6 25. Rcf3 Bxe5 
26. dxe5 d4 27. Rh3 d3 28. Rfh4 Kf8 29. Bxd3 Nxd3 30. Rxd3 Ke7 
31. Rhd4 Bxb5 32. axb5 Rxb5 33. Rd7+ Ke8 34. c6 Rd5 35. R7xd5 exd5 
36. Rxd5 Rc8 37. Rxa5 Rxc6 38. Kf2 Ke7 39. h3 Ke6 40. g4 Rc3 
41. h4 Rd3 42. Rb5 Rd5 43. Rxd5 Kxd5 44. Kf3 Kxe5 45. h5 f5 
46. g5 f4 47. h6 gxh6 48. gxh6 1/2-1/2

[Event "DM G7 grp2 2024"]
[Site "Svendborg"]
[Date "2024.03.30"]
[Round "5"]
[White "Sejersen, Christian"]
[Black "Jorgensen, Peter"]
[Result "1-0"]
[WhiteElo "1854"]
[BlackElo "1728"]
[PlyCount "79"]
[WhiteFideId "1441060"]
[BlackFideId "1482556"]
[EventDate "2024.03.26"]
[EventType "swiss"]
[EventRounds "7"]
[EventCountry "DEN"]
[SourceTitle "Live v. Kasper Jerwiarz"]

1. Nf3 d6 2. d4 g6 3. e4 Bg7 4. c4 c6 5. Nc3 Bd7 
6. Bd3 Na6 7. O-O c5 8. d5 Nc7 9. Re1 Nh6 10. e5 O-O 
11. exd6 exd6 12. Ne4 Bf5 13. Qc2 Bxe4 14. Rxe4 Qd7 15. Rb1 Rae8 
16. Bf4 Rxe4 17. Bxe4 f5 18. Bd3 Nf7 19. h4 Re8 20. h5 Re7 
21. hxg6 hxg6 22. Nh4 g5 23. Bxf5 Qe8 24. Bh7+ Kh8 25. Ng6+ Kxh7 
26. Nxe7+ Kh8 27. Re1 gxf4 28. Ng6+ Kg8 29. Rxe8+ Nxe8 30. Nxf4 Bf6 
31. Ne6 Ne5 32. Qa4 Kf7 33. f4 Ng6 34. Qd7+ Be7 35. Ng5+ Kf8 
36. Qf5+ Bf6 37. Qxg6 Bd4+ 38. Kf1 Ke7 39. Qf7+ Kd8 40. Ne6+ 1-0

[Event "DM G7 grp2 2024"]
[Site "Svendborg"]
[Date "2024.03.30"]
[Round "5"]
[White "Ulmer, Maya Vissing"]
[Black "Ramsdal, Lasse Andreas"]
[Result "0-1"]
[WhiteElo "1717"]
[BlackElo "1816"]
[PlyCount "136"]
[WhiteFideId "1479997"]
[BlackFideId "1440675"]
[EventDate "2024.03.26"]
[EventType "swiss"]
[EventRounds "7"]
[EventCountry "DEN"]
[SourceTitle "Live v. Kasper Jerwiarz"]

1. d4 d5 2. c4 c6 3. Nf3 Nf6 4. e3 e6 5. Nc3 Nbd7 
6. Be2 Bd6 7. O-O O-O 8. Bd2 a6 9. a3 Re8 10. Rc1 dxc4 
11. Bxc4 c5 12. e4 cxd4 13. Nxd4 b5 14. Ba2 Bb7 15. Bg5 Qb8 
16. Bxf6 Nxf6 17. h3 Nxe4 18. Nxe4 Bxe4 19. Qg4 Qb7 20. Rfd1 Be5 
21. b4 Kh8 22. h4 Rad8 23. Nb3 Bf5 24. Qe2 Bf4 25. Nc5 Qe7 
26. Rxd8 Rxd8 27. Rd1 Qxh4 28. Rxd8+ Qxd8 29. Nxa6 Qd4 30. Bb3 Bd3 
31. Qd1 Bg3 32. Qd2 Be5 33. Nc5 Bf5 34. Qc1 h6 35. Qd1 Qf4 
36. g3 Qg5 37. Bc2 Bh3 38. Kh2 Bg4 39. Qd3 Bf5 40. Qd1 Bg4 
41. Qd3 g6 42. Qxb5 Qh5+ 43. Kg1 Bf3 44. Qe8+ Kg7 45. Nxe6+ fxe6 
46. Qe7+ Kh8 47. Qf8+ Kh7 48. Qf7+ Bg7 49. Bxg6+ Qxg6 50. Qxf3 e5 
51. Qb3 h5 52. Kf1 e4 53. Ke2 Qg4+ 54. Kf1 Qf5 55. Qc2 Be5 
56. Kg1 Qf3 57. Qa4 Kg6 58. Qe8+ Kf5 59. Qf7+ Bf6 60. Qd5+ Kg4 
61. Qg8+ Kh3 62. Qe6+ Qg4 63. Qxg4+ hxg4 64. a4 Bd4 65. b5 e3 
66. fxe3 Bxe3+ 67. Kh1 Kxg3 68. b6 Kh3 0-1

[Event "DM G7 grp2 2024"]
[Site "Svendborg"]
[Date "2024.03.30"]
[Round "5"]
[White "Peitersen, Andreas"]
[Black "Pedersen, Kim"]
[Result "1-0"]
[WhiteElo "1815"]
[BlackElo "1835"]
[PlyCount "63"]
[WhiteFideId "1479814"]
[BlackFideId "1452525"]
[EventDate "2024.03.26"]
[EventType "swiss"]
[EventRounds "7"]
[EventCountry "DEN"]
[SourceTitle "Live v. Kasper Jerwiarz"]

1. e4 d6 2. d4 Nf6 3. Nc3 Nbd7 4. f4 e5 5. dxe5 dxe5 
6. fxe5 Nxe5 7. Qxd8+ Kxd8 8. Nf3 Bd6 9. Bg5 c6 10. O-O-O Ke7 
11. Be2 Be6 12. Rxd6 Nxf3 13. Rxe6+ fxe6 14. gxf3 h6 15. Bh4 g5 
16. Bf2 b6 17. e5 Nd5 18. Ne4 Rhf8 19. h4 g4 20. fxg4 Rf4 
21. Bd3 Raf8 22. Be1 Rxg4 23. Bd2 h5 24. Bg5+ Kd7 25. Nf6+ Nxf6 
26. exf6 Kd6 27. Rf1 Ke5 28. f7 a5 29. Bh6 Rxf7 30. Rxf7 Rxh4 
31. Bg7+ Kd5 32. Rd7+ 1-0

[Event "DM G7 grp2 2024"]
[Site "Svendborg"]
[Date "2024.03.31"]
[Round "6"]
[White "Sejersen, Christian"]
[Black "Vergara, Adam"]
[Result "1-0"]
[WhiteElo "1854"]
[BlackElo "1711"]
[PlyCount "75"]
[WhiteFideId "1441060"]
[BlackFideId ""]
[EventDate "2024.03.26"]
[EventType "swiss"]
[EventRounds "7"]
[EventCountry "DEN"]
[SourceTitle "Live v. Kasper Jerwiarz"]

1. Nf3 d5 2. g3 Nc6 3. d4 Bg4 4. Bg2 Qd7 5. O-O h5 
6. h4 O-O-O 7. Nbd2 f6 8. c3 e5 9. dxe5 fxe5 10. b4 e4 
11. b5 Nce7 12. Ne5 Qe6 13. Nxg4 hxg4 14. Nb3 Nh6 15. Nc5 Qb6 
16. Na4 Qxb5 17. Bg5 Nf7 18. Rb1 Qc6 19. Be3 Nf5 20. Bxa7 g5 
21. h5 Rxh5 22. Qb3 Ne5 23. Rfd1 Nc4 24. Nb2 Na3 25. Bxe4 dxe4 
26. Rxd8+ Kxd8 27. Qf7 Bd6 28. Rd1 Qe8 29. Qxf5 Qh8 30. Qxe4 Nb5 
31. Bd4 Nxd4 32. Rxd4 Kc8 33. Ra4 Kb8 34. Nc4 Rh6 35. Na5 c6 
36. Nxc6+ Kc7 37. Nd4 Qf6 38. Ra7 1-0

[Event "DM G7 grp2 2024"]
[Site "Svendborg"]
[Date "2024.03.31"]
[Round "6"]
[White "Ramsdal, Lasse Andreas"]
[Black "Peitersen, Andreas"]
[Result "0-1"]
[WhiteElo "1816"]
[BlackElo "1815"]
[PlyCount "84"]
[WhiteFideId "1440675"]
[BlackFideId "1479814"]
[EventDate "2024.03.26"]
[EventType "swiss"]
[EventRounds "7"]
[EventCountry "DEN"]
[SourceTitle "Live v. Kasper Jerwiarz"]

1. d4 d5 2. c4 c6 3. Nc3 Nf6 4. Nf3 e6 5. e3 Be7 
6. Be2 O-O 7. O-O Nbd7 8. b3 Bd6 9. Bb2 b6 10. Qc2 Bb7 
11. Rfd1 Qe7 12. e4 dxe4 13. Nxe4 Ba3 14. Bxa3 Qxa3 15. Nfg5 h6 
16. Nxf6+ Nxf6 17. Ne4 Qe7 18. Nxf6+ Qxf6 19. Rd3 c5 20. Rad1 Be4 
21. Bf3 Bxd3 22. Rxd3 Rad8 23. d5 Rd6 24. h3 Qg6 25. Qe2 Qf6 
26. Be4 g6 27. Rg3 Kh7 28. Qc2 Qa1+ 29. Kh2 f5 30. Bf3 Qe5 
31. h4 Qf6 32. Qc1 e5 33. Rh3 e4 34. Bd1 Qe5+ 35. Kg1 f4 
36. Bc2 Kg7 37. Qe1 Re8 38. Rc3 Kg8 39. Kf1 Kf7 40. Bb1 e3 
41. f3 e2+ 42. Kg1 Qxc3 0-1

[Event "DM G7 grp2 2024"]
[Site "Svendborg"]
[Date "2024.03.31"]
[Round "6"]
[White "Jorgensen, Peter"]
[Black "Li, Anna Sofie"]
[Result "1-0"]
[WhiteElo "1728"]
[BlackElo "1774"]
[PlyCount "183"]
[WhiteFideId "1482556"]
[BlackFideId "1472119"]
[EventDate "2024.03.26"]
[EventType "swiss"]
[EventRounds "7"]
[EventCountry "DEN"]
[SourceTitle "Live v. Kasper Jerwiarz"]

1. e4 e5 2. Nf3 Nc6 3. d4 exd4 4. Nxd4 Nf6 5. Nxc6 bxc6 
6. Bd3 Bc5 7. b3 d5 8. exd5 cxd5 9. O-O O-O 10. Bb2 Bg4 
11. Qd2 h6 12. Nc3 Qd7 13. Nb5 Be7 14. Nd4 a6 15. Ne2 Bf5 
16. Ng3 Bxd3 17. Qxd3 c5 18. Rad1 Rfd8 19. Rfe1 Nh7 20. Bxg7 Bg5 
21. Nf5 Re8 22. Bxh6 Rxe1+ 23. Rxe1 Re8 24. Rxe8+ Qxe8 25. Kf1 Qe5 
26. Bxg5 Nxg5 27. Qxd5 Qa1+ 28. Ke2 Ne6 29. Qa8+ Kh7 30. Qe4 Ng5 
31. Qh4+ Kg6 32. Ne3 Ne6 33. Qe4+ Kg7 34. Nf5+ Kg8 35. a4 Qc1 
36. g3 Ng5 37. Qd3 Ne6 38. h4 Qh1 39. Qf3 Qc1 40. Qg4+ Kf8 
41. Qc4 Qh1 42. Qd3 Qh3 43. Kf3 Kg8 44. c3 a5 45. Ne3 Qh1+ 
46. Ke2 Qc1 47. Nc4 Nf8 48. Nxa5 Qh6 49. b4 Qe6+ 50. Kf1 Qh3+ 
51. Ke1 Qh1+ 52. Ke2 Qa1 53. Qc2 Qa3 54. b5 Nd7 55. Nc4 Qa1 
56. a5 Qh1 57. Qd3 Qh3 58. b6 Qe6+ 59. Kd2 Qh6+ 60. Kc2 Qc6 
61. Kd2 Qh6+ 62. Ke1 Qe6+ 63. Qe2 Qc6 64. a6 Nxb6 65. Nxb6 Qxb6 
66. Qg4+ Kh7 67. Qf5+ Kg7 68. Qe5+ Kg8 69. Qe3 Qb1+ 70. Ke2 Qa2+ 
71. Kf3 Qxa6 72. Qg5+ Kh7 73. Qxc5 Qb7+ 74. Ke2 Qb2+ 75. Kf1 Qb1+ 
76. Kg2 Qe4+ 77. Kh2 Qf3 78. Qd4 Qf5 79. c4 Qe6 80. c5 Qc6 
81. Qd6 Qf3 82. Qf4 Qc6 83. Qxf7+ Kh6 84. Qf4+ Kh7 85. Qf5+ Kg7 
86. h5 Kh8 87. Qe5+ Kh7 88. Qd6 Qf3 89. Qf4 Qc6 90. Qf7+ Kh8 
91. Qf8+ Kh7 92. h6 1-0

[Event "DM G7 grp2 2024"]
[Site "Svendborg"]
[Date "2024.04.01"]
[Round "7"]
[White "Peitersen, Andreas"]
[Black "Sejersen, Christian"]
[Result "1-0"]
[WhiteElo "1815"]
[BlackElo "1854"]
[PlyCount "75"]
[WhiteFideId "1479814"]
[BlackFideId "1441060"]
[EventDate "2024.03.26"]
[EventType "swiss"]
[EventRounds "7"]
[EventCountry "DEN"]
[SourceTitle "Live v. Kasper Jerwiarz"]

1. e4 c5 2. Nf3 Nc6 3. d4 cxd4 4. Nxd4 g6 5. Nc3 Bg7 
6. Be3 Nf6 7. Be2 O-O 8. Qd2 d5 9. exd5 Nxd5 10. Nxd5 Qxd5 
11. Nxc6 bxc6 12. Bf3 Qxd2+ 13. Bxd2 Bf5 14. c3 Rab8 15. b3 Rfd8 
16. Rc1 Rd3 17. c4 c5 18. Be3 Bd4 19. Ke2 Rd8 20. Rhd1 Bxe3 
21. fxe3 h5 22. e4 Rxd1 23. Rxd1 Rxd1 24. Kxd1 Bd7 25. Kd2 Kg7 
26. a3 a5 27. Kc3 e5 28. b4 axb4+ 29. axb4 cxb4+ 30. Kxb4 Kf6 
31. Kc5 Ke6 32. Kb6 Ba4 33. c5 Kd7 34. Be2 f5 35. exf5 gxf5 
36. Bxh5 Bc6 37. g3 f4 38. Bg4+ 1-0

[Event "DM G7 grp2 2024"]
[Site "Svendborg"]
[Date "2024.04.01"]
[Round "7"]
[White "Li, Anna Sofie"]
[Black "Ramsdal, Lasse Andreas"]
[Result "1-0"]
[WhiteElo "1774"]
[BlackElo "1816"]
[PlyCount "105"]
[WhiteFideId "1472119"]
[BlackFideId "1440675"]
[EventDate "2024.03.26"]
[EventType "swiss"]
[EventRounds "7"]
[EventCountry "DEN"]
[SourceTitle "Live v. Kasper Jerwiarz"]

1. e4 e6 2. d4 d5 3. e5 c5 4. c3 Qb6 5. Nf3 Nc6 
6. Be2 cxd4 7. cxd4 Nh6 8. Nc3 Nf5 9. Na4 Qa5+ 10. Bd2 Bb4 
11. Bc3 Bxc3+ 12. Nxc3 Qb6 13. Bb5 Bd7 14. Bxc6 Bxc6 15. Qd2 Bb5 
16. Nxb5 Qxb5 17. Qe2 a6 18. Qxb5+ axb5 19. Kd2 Kd7 20. Rhc1 Rhc8 
21. a3 Rc4 22. b3 Rxc1 23. Kxc1 b4 24. a4 Rc8+ 25. Kb2 Rc3 
26. Rd1 h6 27. Ne1 Ne7 28. Nd3 Nc6 29. Nxb4 Rh3 30. gxh3 Nxb4 
31. Rg1 g6 32. Rg3 b6 33. Rc3 Nc6 34. Rd3 Ke7 35. b4 f6 
36. exf6+ Kxf6 37. b5 Na5 38. Rc3 Kf5 39. Re3 Nc4+ 40. Kc3 e5 
41. Rg3 g5 42. dxe5 Kxe5 43. h4 Nd6 44. Kd3 Ne4 45. Re3 g4 
46. h5 Kf4 47. Rxe4+ dxe4+ 48. Kd4 Kf3 49. a5 e3 50. fxe3 Kg2 
51. axb6 Kxh2 52. b7 g3 53. b8=Q 1-0

[Event "DM G7 grp2 2024"]
[Site "Svendborg"]
[Date "2024.04.01"]
[Round "7"]
[White "Pedersen, Kim"]
[Black "Jorgensen, Peter"]
[Result "0-1"]
[WhiteElo "1835"]
[BlackElo "1728"]
[PlyCount "64"]
[WhiteFideId "1452525"]
[BlackFideId "1482556"]
[EventDate "2024.03.26"]
[EventType "swiss"]
[EventRounds "7"]
[EventCountry "DEN"]
[SourceTitle "Live v. Kasper Jerwiarz"]

1. d4 f5 2. Nf3 Nf6 3. Bg5 Ne4 4. h4 d6 5. Nbd2 Be6 
6. e3 Nd7 7. Nxe4 fxe4 8. Nd2 h6 9. Bf4 Nf6 10. Be2 g6 
11. c4 Qd7 12. Qc2 Bf5 13. Qb3 c6 14. O-O-O Bg7 15. f3 O-O 
16. Rhg1 b5 17. fxe4 Nxe4 18. Nxe4 bxc4 19. Bxc4+ d5 20. Bxd5+ Qxd5 
21. Qxd5+ cxd5 22. Nc5 Rac8 23. g4 Be4 24. Rdf1 Bd3 25. Rd1 Bb5 
26. Rd2 Bxd4 27. exd4 Rxf4 28. Kd1 e5 29. Nb3 e4 30. Nc1 Rcf8 
31. Ne2 Bxe2+ 32. Kxe2 Rf3 0-1